General Knowledge "The Mormons" - Statistics

General Stats
  • This quiz has been taken 539 times
  • The average score is 10 of 15
Answer Stats
Hint Answer % Correct
The founder and first prophet of the Mormon Church Joseph Smith
97%
The flagship university operated by the Mormon Church BYU
88%
Holy book of scriptures in addition to the Bible Book of Mormon
82%
Informal name of the Mormon Church LDS
80%
Controversial doctrine abolished by the church in 1890 Polygamy
76%
Formal name of the Mormon Church The Church of Jesus Christ of Latter-day Saints
72%
First Mormon major party candidate for President Mitt Romney
71%
The headquarters of the Mormon Church Salt Lake City, Utah
71%
Mormon leader known as the "Moses of America" Brigham Young
68%
Name of current president and prophet Thomas S. Monson
63%
Famous Mormon choral group Mormon Tabernacle Choir
56%
Name of Mormon places of worship closed on Sunday Temples
53%
Number of self-identified Mormons currently in the US Senate 6
46%
Birthplace of the Mormon Church Fayette New York
37%
Top 3 states for Mormon membership Utah, California, Idaho
9%
No matching quizzes found
Score Distribution
Percent of People with Each Score
Percentile by Number Answered
Your Score History
You have not taken this quiz